| 000 | 01079nam0a22002891 4500 | ||
|---|---|---|---|
| 001 | rc\4642367 | ||
| 005 | 20130416201511.7 | ||
| 021 |
_aRU _b[57-38549] |
||
| 035 | _a(NLR Aleph) 008686167 | ||
| 090 |
_a9209765 _c9209765 |
||
| 100 | _a20130416d1957 |||y0rusy50 ca | ||
| 101 | 0 | _arus | |
| 102 | _aRU | ||
| 105 | _aa z ||||| | ||
| 200 | 1 | _aСлужебная связь по сельским высоковольтным сетям | |
| 210 |
_aМосква _cСельхозгиз _d1957 |
||
| 215 |
_a232 с., 1 л. черт. _cил. _d20 |
||
| 300 | _aПеред загл. авт.: Б.В. Смирнов, канд. техн. наук | ||
| 320 | _aБиблиогр.: с. 228-230 (49 назв.) | ||
| 606 |
_aЭлектрические сети высоковольтные, сельские _2psbo |
||
| 606 |
_aТелефонная связь, высоковольтная _2psbo |
||
| 700 | 1 |
_aСмирнов _bБ. В. _gБорис Васильевич |
|
| 801 | 0 |
_aRU _bNLR _gpsbo |
|
| 801 | 1 |
_aRU _bELAR _2rusmarc |
|
| 852 |
_aNLR _j57-3/2970 |
||
| 942 | _cBOOK | ||
| 980 | _aNB | ||